000 00683nam a2200181 a 4500
001 000044335
005 20201002045312.0
008 140617s199? dr a 000 0 spa d
040 _aDO-SdBNP
_bspa
_cBNPHU
082 _axxxxxx
_bxxxxxx
100 1 _aRosa, Alma de la
_972343
245 1 0 _aCurso de física básica conceptos y aplicaciones /
_cAlma de la Rosa, Clara Elena Florezán, Ondina Moya.
260 _aSanto Domingo :
_bUASD,
_c199?
300 _a211 p. :
_bil. ;
_c27 cm.
500 _aPara uso de los estudiantes de física básica, del ciclo básico de la Universidad Autónoma de Santo Domingo
700 1 _aFlorezán, Clara Elena
_972344
700 1 _aMoya, Ondina
_972345
999 _c43824
_d43824